000 00542nam a2200217Ia 4500
003 OSt
005 20220928142448.0
006 a|||||r|||| 00| 0
007 ta
008 220927b |||||||| |||| 00| 0 eng d
024 _a19750
037 _cTextual
040 _aSDCL
_cSDCL
_beng
041 _2eng
_aeng
082 _aO15:g, L3
100 _aAgnihotri Prabhudyala
_9503641
245 0 _aSanskrit sahitya chintan.
260 _c1973
942 _hO15:g, L3
_cTEXL
_2CC
999 _c821916
_d821916